[Event "World Team-ch 2017"]
[Site "Khanty-Mansyisk"]
[Date "2017.06.24"]
[Round "7"]
[White "Solak, Dragan"]
[Black "Shankland, Samuel L"]
[Result "1/2-1/2"]
[WhiteElo "2641"]
[BlackElo "2676"]
[Annotator "TA"]
[PlyCount "27"]
[EventDate "2017.??.??"]
[EventType "team-tourn"]
[EventCountry "RUS"]
[SourceTitle "playchess.com"]
[Source "ChessBase"]
[SourceQuality "1"]
[WhiteTeam "TUR"]
[BlackTeam "USA"]
[WhiteTeamCountry "TUR"]
[BlackTeamCountry "USA"]

{[%evp 14,27,24,11,8,12,8,7,14,3,22,11,15,8,18,0]} 1. e4 e6 2. d4 d5 3. Nd2 c5 4. Ngf3 cxd4 5. Nxd4 Nc6 6. Bb5 Bd7 7. Nxc6 bxc6 8. Bd3 Bd6 {The position is equal. C07: French Tarrasch: 3...c5, 4 Ngf3 and 4 exd5 Qxd5} 9. Qe2 Ne7 10. Nf3 Ng6 11. O-O Nf4 12. Bxf4 Bxf4 13. c4 $146 {aiming for exd5.} ({Predecessor:} 13. e5 O-O 14. c4 g6 15. g3 Bh6 16. h4 {½-½ (46) Kryvoruchko,Y (2710)-Lupulescu,C (2630) Germany 2014}) 13... O-O 14. exd5 1/2-1/2

[Event "World Team-ch 2017"]
[Site "Khanty-Mansyisk"]
[Date "2017.06.24"]
[Round "7"]
[White "Bartel, Mateusz"]
[Black "Hauge, Lars Oskar"]
[Result "1-0"]
[WhiteElo "2637"]
[BlackElo "2448"]
[Annotator "TA"]
[PlyCount "97"]
[EventDate "2017.??.??"]
[EventType "team-tourn"]
[EventCountry "RUS"]
[SourceTitle "playchess.com"]
[Source "ChessBase"]
[SourceQuality "1"]
[WhiteTeam "POL"]
[BlackTeam "NOR"]
[WhiteTeamCountry "POL"]
[BlackTeamCountry "NOR"]

{[%evp 14,97,22,6,30,6,0,-2,14,-43,-38,-37,-36,-37,-35,-44,-4,-14,-13,-22,0,0,-10,-7,0,0,0,0,0,0,0,0,0,0,0,0,0,-18,0,-31,-16,-29,-18,-29,0,-17,0,-19,-8,-18,-4,-11,-7,-25,-8,-12,0,1,299,263,267,166,168,174,160,138,222,231,217,161,152,156,192,211,249,234,442,429,426,392,573,460,739,753,854,845]} 1. d4 Nf6 2. Bg5 d5 3. e3 e6 4. Bd3 c5 5. c3 Nc6 6. Nf3 Be7 7. Nbd2 Nd7 8. Bf4 {LiveBook: 8 Games. D03: 1 d4 d5 2 Nf3 Nf6 3 Bg5, including Torre Attack with early ...d5} Bf6 (8... f5 9. c4 Nf6 10. dxc5 Bxc5 11. O-O O-O 12. Rc1 Be7 13. Ne5 Nxe5 14. Bxe5 Ng4 15. Bg3 Bf6 {0-1 (52) Narciso Dublan,M (2508)-Garcia Ramos,D (2208) Vilanova i la Geltru 2017}) 9. Bd6 Qb6 {[%cal Rc6d4]} 10. e4 $146 {The position is equal.} ({Predecessor:} 10. dxc5 Nxc5 11. Bc2 Na5 12. Ba4+ Nxa4 13. Qxa4+ {½-½ (81) Stromer,A (2255)-Dudek,R (2290) Germany 1992}) 10... cxd4 11. O-O (11. exd5 $11 exd5 12. O-O) 11... dxc3 $15 12. bxc3 {exd5 is the strong threat.} Be7 ({Much worse is} 12... Bxc3 $6 13. exd5 $1 {[%mdl 512]} Nce5 14. Bxe5 $16) 13. Rb1 Qd8 14. exd5 Bxd6 (14... exd5 $5 {[%cal Re7d6]} 15. Bxe7 Nxe7 $14) 15. dxc6 bxc6 16. Nc4 Bc7 17. Qa4 {And now Be4 would win.} O-O 18. Rfd1 Rb8 19. Qxa7 Rxb1 20. Bxb1 Bb8 21. Qa4 Qc7 22. Nd6 Nf6 23. g3 Rd8 24. Nxc8 Rxc8 25. Nd4 Nd5 26. Qc2 g6 27. c4 Nf6 28. Qc3 Rd8 29. Re1 Kg7 30. Nf3 Ba7 31. Bc2 Bc5 32. Re2 (32. Re4 $5) 32... Qa7 33. Bb3 Rd6 (33... Bd4 $5 34. Nxd4 Qxd4 $11) 34. Kg2 Qd7 (34... Bd4 $5 35. Nxd4 Qxd4 36. Qxd4 Rxd4 $11) 35. Qe5 Ba7 $2 {[%mdl 8192]} (35... Bd4 $1 $11 {and Black is okay.} 36. Nxd4 Rxd4) 36. g4 $18 h6 37. c5 $36 {[%mdl 2048] White is really pushing.} Rd5 38. Bxd5 exd5 39. Qf4 Ne4 (39... Bxc5 $16 {was necessary.} 40. Rc2 Bd6) 40. Ne5 Qe6 41. Nd3 {Hoping for f3.} Bb8 42. Qf3 ({Stronger than} 42. Qxb8 Qxg4+ 43. Kf1 Qh3+ 44. Kg1 Qxd3 $11) 42... Qe7 43. Qe3 {Strongly threatening f3.} Qh4 {[#]} 44. h3 $1 {[%cal Bh2h3,Bh3h4][%mdl 32]} h5 $2 (44... Bc7 45. Rb2 Qd8) 45. Rb2 Bc7 46. Rb7 Qd8 (46... Bd8 $142 47. Qf3 Bf6 48. gxh5 Ng5) 47. f3 {White is clearly winning.} Nf6 (47... Ng3 $142 48. Qd4+ Kg8) 48. Qd4 g5 49. h4 {Precision: White = 67%, Black = 38%.} 1-0

[Event "World Team-ch 2017"]
[Site "Khanty-Mansyisk"]
[Date "2017.06.24"]
[Round "7"]
[White "Fedorov, Alexei"]
[Black "Abdelnabbi, Imed"]
[Result "1-0"]
[WhiteElo "2598"]
[BlackElo "2428"]
[Annotator "TA"]
[PlyCount "63"]
[EventDate "2017.??.??"]
[EventType "team-tourn"]
[EventCountry "RUS"]
[SourceTitle "playchess.com"]
[Source "ChessBase"]
[SourceQuality "1"]
[WhiteTeam "BLR"]
[BlackTeam "EGY"]
[WhiteTeamCountry "BLR"]
[BlackTeamCountry "EGY"]

{[%evp 15,63,33,41,38,72,72,85,58,80,71,72,63,59,59,57,22,19,0,0,7,0,0,0,-14,-10,-4,-18,-13,56,70,68,41,151,147,195,93,92,112,414,433,439,420,419,427,574,304,309,331,29997,29998]} 1. e4 e5 2. Nf3 Nc6 3. Bc4 Bc5 4. c3 Nf6 5. d3 d6 6. b4 {[%cal Bb2b4,Bb4b5][%mdl 32]} Bb6 7. a4 a6 8. O-O Qe7 9. Na3 {C54: Giuoco Piano: 4 c3 Nf6, main lines with 5 d4 and 5 d3} a5 $146 ({Predecessor:} 9... O-O 10. Nc2 Be6 11. Qe2 h6 12. Be3 Bxc4 13. dxc4 Bxe3 14. Nxe3 Qd7 15. Qd3 Ne7 16. a5 Qc6 {1-0 (46) Orlov,A (2365)-Golod,I (2300) St Petersburg 1996}) 10. b5 Nb8 11. Ba2 {White is better.} Be6 12. Nc4 Nbd7 13. Ng5 Bxc4 14. Bxc4 O-O 15. Ra2 c6 16. Re2 d5 17. exd5 cxd5 18. Ba2 Rac8 19. d4 e4 ({And not} 19... Rxc3 20. dxe5 (20. Bb2 Rc7 $16) 20... Ne4 21. Nxe4 $16) 20. Qb3 {Threatening Ba3.} Bc7 21. f3 Qd6 ({Better is} 21... h6 $11 22. Nh3 Nb6) 22. g3 $14 {And now Ba3 would win.} exf3 $1 23. Rxf3 {Strongly threatening Ba3.} Rfe8 (23... Qb6 $14) 24. Ba3 $1 $16 Qb6 25. Ref2 (25. Be7 $1 $18) 25... Re1+ {[#]} 26. Kg2 $1 Bd6 $2 {[%mdl 8192] [#]} (26... h6 $16 {is tougher.} 27. Rxf6 Nxf6) 27. Rxf6 $1 $18 Nxf6 {[#]} 28. Rxf6 $1 {[%mdl 512]} gxf6 29. Qxd5 Re6 30. Nxe6 Bxa3 31. Qf5 {Qg4+ would kill now.} Bf8 $2 (31... fxe6 $18 32. Bxe6+ Kg7) 32. Bb1 {Precision: White = 41%, Black = 36%.} 1-0

[Event "World Team-ch 2017"]
[Site "Khanty-Mansyisk"]
[Date "2017.06.24"]
[Round "7"]
[White "Tari, Aryan"]
[Black "Wojtaszek, Radoslaw"]
[Result "1/2-1/2"]
[WhiteElo "2593"]
[BlackElo "2730"]
[Annotator "TA"]
[PlyCount "55"]
[EventDate "2017.??.??"]
[EventType "team-tourn"]
[EventCountry "RUS"]
[SourceTitle "playchess.com"]
[Source "ChessBase"]
[SourceQuality "1"]
[WhiteTeam "NOR"]
[BlackTeam "POL"]
[WhiteTeamCountry "NOR"]
[BlackTeamCountry "POL"]

{[%evp 15,55,18,31,25,39,0,0,0,0,0,0,0,0,-4,0,0,0,0,0,0,14,0,41,27,39,38,39,39,39,39,39,31,35,32,58,50,60,55,54,59,50,7]} 1. e4 c5 2. Nf3 d6 3. Bb5+ Nd7 4. O-O a6 5. Bd3 Ngf6 6. Re1 {B51: Sicilian: Moscow Variation (3 Bb5+) without 3...Bd7} b5 (6... e6 7. c3 b5 8. a4 Bb7 9. Bc2 c4 10. d4 cxd3 11. Qxd3 Nc5 12. Qe2 bxa4 {1-0 (25) Vachier Lagrave,M (2796)-Giri,A (2771) Stavanger 2017}) 7. c4 bxc4 8. Bxc4 Nb6 {LiveBook: 9 Games} 9. d3 e6 10. e5 $146 ({Predecessor:} 10. Nc3 Be7 11. e5 Nfd5 12. exd6 Qxd6 {½-½ (92) Jones,G (2650)-Dastan,B (2480) Warsaw 2016}) 10... dxe5 11. Nxe5 Bd6 12. Nc3 O-O 13. Bf4 {[%cal Bc1f4,Bf4g3,Bg3h4][%mdl 32]} Qc7 14. Bg3 Bb7 15. Rc1 Rfe8 16. Bb3 Rad8 17. Qe2 Qb8 18. Bh4 {Threatens to win with Bxf6.} (18. f4 {keeps more tension.} Nfd5 19. Qh5 Bxe5 20. Rxe5 c4 21. dxc4 Nxc3 22. Rxc3 Rd2 23. Rc2) 18... Bxe5 (18... Nbd5 {looks sharper.} 19. Bg3 Nb6) 19. Qxe5 Qxe5 20. Rxe5 {White is slightly better.} Rd4 21. Bxf6 gxf6 22. Rxc5 Rxd3 23. Rc7 Rb8 24. Rd1 Rxd1+ 25. Bxd1 Nd5 26. Nxd5 $1 Bxd5 27. b3 a5 28. Bh5 {Precision: White = 66%, Black = 70%.} 1/2-1/2

[Event "World Team-ch 2017"]
[Site "Khanty-Mansyisk"]
[Date "2017.06.24"]
[Round "7"]
[White "Can, Emre"]
[Black "Robson, Ray"]
[Result "0-1"]
[WhiteElo "2589"]
[BlackElo "2656"]
[Annotator "TA"]
[PlyCount "78"]
[EventDate "2017.??.??"]
[EventType "team-tourn"]
[EventCountry "RUS"]
[SourceTitle "playchess.com"]
[Source "ChessBase"]
[SourceQuality "1"]
[WhiteTeam "TUR"]
[BlackTeam "USA"]
[WhiteTeamCountry "TUR"]
[BlackTeamCountry "USA"]

{[%evp 20,77,0,-1,11,-40,-14,-15,-18,-12,-8,-11,42,-46,-46,-48,-21,-30,0,0,17,17,39,49,66,58,57,0,0,0,0,-69,-75,-79,-79,-79,-81,-1717,-189,-1563,-1355,-29990,-29991,-29991,-29987,-29993,-29981,-29981,-29976,-29982,-1834,-1742,-1697,-29993,-29994,-29994,-29995,-29995,-29996,-29999]} 1. d4 Nf6 2. c4 e6 3. Nf3 d5 4. g3 Bb4+ 5. Bd2 Be7 6. Bg2 O-O 7. O-O Nbd7 8. Qc2 Ne4 9. Bf4 c6 10. Nbd2 g5 {E08: Closed Catalan: Main Line: 7 Qc2} 11. Be3 {LiveBook: 5 Games} Nd6 12. cxd5 (12. Rfd1 $11) (12. Qc1 h6 13. c5 Nf5 14. Nb3 a5 15. a4 Nxe3 16. Qxe3 Bf6 17. Ne5 Bg7 18. f4 Nxe5 19. fxe5 {0-1 (36) Lovkov,R (2433)-Vallejo Pons,F (2711) Tallinn 2016}) 12... cxd5 {Black is slightly better.} 13. Nb3 b6 14. Ne5 $146 ({Predecessor:} 14. Qc1 h6 15. Ne5 Bb7 16. Nd3 Nc4 17. f4 Re8 18. Bf2 {0-1 (36) Moradiabadi,E (2359)-Ardiansyah,H (2399) Aden 2002}) 14... Ba6 15. Nc6 Rc8 (15... Qe8 $11) 16. Nxe7+ (16. Qc1 $14) 16... Qxe7 $15 17. Qd1 f5 18. Bd2 {[%cal Be3d2,Bd2c3,Bc3b4][%mdl 32]} Nc4 19. Bc3 f4 (19... Na3 $5) 20. Nc1 Rf6 21. Nd3 fxg3 22. hxg3 Rh6 23. e3 (23. Qa4 $14 Nb8 24. Rfc1) 23... Nf6 24. Bb4 Qe8 {aiming for ...g4.} 25. b3 (25. Rc1 $11) 25... Nd2 $1 26. Qxd2 Qh5 {[%csl Gh6][%cal Rh5h2]} 27. f3 {[#] Kf2 is the strong threat.} g4 $1 {Hoping for ...Qh2+.} 28. Nf4 $2 {[%mdl 8192]} (28. Rf2 $17 Qh2+ 29. Kf1) 28... Qh2+ $40 {[%mdl 128] Black wants a kill.} 29. Kf2 gxf3 30. Kxf3 Ne4 {[%csl Ge4][%cal Rh2g3]} 31. Qe1 Bxf1 32. Bxf1 Kf7 33. Bg2 Rc2 34. Rc1 Rxg2 ({Weaker is} 34... Rxc1 35. Qxc1 Rf6 36. Qh1 $16 (36. Qc7+ Kg8 $16)) (34... Ng5+ $142 35. Kg4 Rxg2 36. Rc7+ Ke8 37. Re7+ Kd8 38. Rxe6 Nxe6 39. e4 Nxf4 40. Be7+ Kxe7 41. Kf3 Nd3 42. exd5+ Nxe1+ 43. Ke3 Qxg3+ 44. Ke4 Rh4+ 45. Kf5 Qg5#) 35. Nxg2 Rf6+ 36. Nf4 {[#]} h5 $1 {[%cal Re4g5] Black mates.} 37. Rc7+ Kg8 {[%cal Re4g5]} 38. Rc8+ Kh7 {[%cal Re4g5]} 39. Qb1 Qf2# {Precision: White = 51%, Black = 55%.} 0-1

[Event "World Team-ch 2017"]
[Site "Khanty-Mansyisk"]
[Date "2017.06.24"]
[Round "7"]
[White "Aleksandrov, Aleksej"]
[Black "Fawzy, Adham"]
[Result "1/2-1/2"]
[WhiteElo "2565"]
[BlackElo "2418"]
[Annotator "TA"]
[PlyCount "105"]
[EventDate "2017.??.??"]
[EventType "team-tourn"]
[EventCountry "RUS"]
[SourceTitle "playchess.com"]
[Source "ChessBase"]
[SourceQuality "1"]
[WhiteTeam "BLR"]
[BlackTeam "EGY"]
[WhiteTeamCountry "BLR"]
[BlackTeamCountry "EGY"]

{[%evp 17,105,-16,-9,-12,4,-23,21,10,12,-90,64,29,34,0,20,0,0,0,21,-83,-67,-83,-68,-84,-73,-66,-52,-47,-53,-51,-60,-56,-56,-52,-53,-101,-101,-98,-98,-100,-107,-141,-141,-141,-146,-141,-147,-145,-133,-123,-123,-125,-106,-106,-74,-177,-166,-166,-168,-160,-162,-166,0,-277,0,-138,-135,-139,-164,-162,-139,-226,-41,-42,-42,-43,0,0,0,0,0,0,0,0,0,0,0,0,0,0]} 1. d4 Nf6 2. c4 e6 3. Nc3 Bb4 4. e3 O-O 5. Bd3 d5 6. cxd5 exd5 7. Nge2 Re8 8. O-O Bd6 9. Bd2 {E48: Nimzo-Indian: Rubinstein: 5 Bd3 d5 including 6 Ne2, but excluding 6 a3} a6 {LiveBook: 7 Games} (9... Nbd7 10. Rc1 a6 11. Ng3 Nf8 12. Nf5 Bxf5 13. Bxf5 c6 14. f3 Ne6 15. Be1 c5 16. Kh1 cxd4 17. exd4 {½-½ (52) Navara,D (2739)-Kryvoruchko,Y (2714) Chartres 2017}) 10. Qc2 b5 $146 ({Predecessor:} 10... b6 11. Rfe1 Bb7 12. Ng3 c5 13. dxc5 bxc5 14. e4 c4 15. Bf1 Bxg3 16. hxg3 dxe4 17. Bxc4 {½-½ (55) Kazoks,A (2424)-Karacsony,E (2337) ICCF email 2007}) 11. f3 (11. b4 $5) 11... Bb7 12. e4 dxe4 13. fxe4 (13. Nxe4 $11 {keeps the balance.} Nc6 14. Rac1) 13... b4 $2 (13... Nc6 $1 $17 {[%cal Rc6b4] Hoping for ...Nb4.} 14. Bg5 Be7) 14. e5 $14 bxc3 15. Nxc3 Nbd7 (15... Bxe5 $5 16. dxe5 Rxe5 $11) 16. Bg5 Be7 17. exf6 Nxf6 18. Rad1 (18. Qf2 $11) 18... Qxd4+ $17 19. Kh1 {Black must now prevent Bxf6.} Qg4 20. Bxf6 Bxf6 21. Bxh7+ Kh8 {aiming for ...Bxc3.} 22. Bf5 Qh4 23. Qf2 Qxf2 24. Rxf2 Rad8 $40 {[%mdl 128] Black is up to no good.} 25. Rxd8 Rxd8 26. h3 {[#]} Re8 $1 {[%cal Re8e1] ( -> ...Re1+)} 27. Rf1 Bxc3 28. bxc3 {[%mdl 4096] Endgame KRB-KRB} Re2 29. Rb1 Bxg2+ 30. Kg1 {Intending Rb8+ and mate.} g6 31. Bd3 Rxa2 32. Bc4 Rc2 33. Bb3 Rd2 {Threatens to win with ...Be4.} 34. Bxf7 Kg7 35. Bc4 a5 (35... Bxh3 {looks sharper.} 36. Rb7 a5 37. Ra7 Rg2+ 38. Kh1 Rg5) 36. h4 (36. Ra1 $17) 36... Bd5 37. Bxd5 Rxd5 $19 {KR-KR} 38. Rb8 Rc5 39. Ra8 Kh6 ({But not} 39... Rxc3 40. Rxa5 c5 41. Kf2 $17) 40. Rh8+ $1 Kg7 41. Ra8 Kf6 42. Kf2 Kf5 43. Ra6 {[#]} c6 $1 ({Don't do} 43... Rxc3 44. Rxa5+ Kf6 45. Ra4 $17) 44. Ke2 (44. Ra8 $17 {might work better.}) 44... Rxc3 $2 (44... Kg4 $19 45. Kd3 Kxh4) 45. Rxa5+ $15 c5 {[%cal Bc6c5,Bc5c4][%mdl 32]} 46. Ra6 c4 {Strongly threatening ...Rh3.} 47. Rc6 {The position is equal.} Rc2+ 48. Kd1 Rc3 49. Ke2 Rc2+ 50. Kd1 Rg2 51. Rxc4 Rg4 52. Rc5+ Kf4 53. h5 {Precision: White = 55%, Black = 51%.} 1/2-1/2

[Event "World Team-ch 2017"]
[Site "Khanty-Mansyisk"]
[Date "2017.06.24"]
[Round "7"]
[White "Salomon, Johan"]
[Black "Piorun, Kacper"]
[Result "1-0"]
[WhiteElo "2501"]
[BlackElo "2632"]
[Annotator "TA"]
[PlyCount "86"]
[EventDate "2017.??.??"]
[EventType "team-tourn"]
[EventCountry "RUS"]
[SourceTitle "playchess.com"]
[Source "ChessBase"]
[SourceQuality "1"]
[WhiteTeam "NOR"]
[BlackTeam "POL"]
[WhiteTeamCountry "NOR"]
[BlackTeamCountry "POL"]

{[%evp 9,86,0,21,11,6,-1,8,0,0,0,0,-49,-44,-62,-46,-57,-59,-63,-25,-17,0,0,0,0,0,0,0,0,0,-2,0,0,0,-7,0,0,0,0,0,0,0,0,0,0,0,0,41,0,0,0,0,0,54,53,87,98,94,94,144,74,82,81,120,60,118,0,28,8,18,28,641,637,1120,1134,1102,1096,972,826,29990]} 1. Nf3 Nf6 2. c4 e6 3. g3 d5 4. d4 Bb4+ 5. Bd2 Bd6 (5... Be7 6. Bg2 O-O 7. O-O Nbd7 8. a4 a5 9. Qc2 c6 10. Rc1 Ne4 11. Ne1 Nd6 12. Na3 b6 13. cxd5 cxd5 14. Qb3 Ba6 15. Nb5 Rc8 {½-½ (32) Aronian,L (2793)-Anand,V (2786) Stavanger 2017}) 6. Nc3 {E01: Catalan: Early deviations} O-O 7. Qc2 Nc6 {[%cal Bb8c6,Bc6b4,Bb4d5][%mdl 32]} 8. Bg2 {The position is equal.} dxc4 9. O-O Be7 $146 ({Predecessor:} 9... e5 10. dxe5 Nxe5 11. Rfd1 Nxf3+ 12. Bxf3 Qe8 {1-0 (92) Nisipeanu,L (2687)-Grandelius,N (2642) Germany 2017}) 10. Bf4 Nd5 11. Rad1 Nxf4 12. gxf4 Nb4 13. Qc1 c6 14. Ne5 Bd7 15. Nxc4 Nd5 16. Ne4 Qc7 17. e3 Rfd8 18. Qb1 Be8 19. Rc1 Rac8 20. a3 a5 21. Rfe1 a4 22. Ne5 b6 23. Qc2 Qa7 24. Qe2 (24. Ng5 {keeps more tension.} g6 25. Bh3 c5 26. Nxe6 fxe6 27. Bxe6+ Kg7 28. Bxc8 Rxc8 29. Qc4) 24... c5 25. dxc5 bxc5 26. Rc2 f6 27. Nc4 Bg6 28. Rcc1 Rb8 29. Red1 Qa6 30. Qf3 h6 ({Better is} 30... Nc7 $11) 31. Ng3 f5 32. Ne5 Be8 {[#]} 33. Nxf5 $1 {[%mdl 512]} Bf6 (33... exf5 34. Rxd5) 34. Qg3 (34. Qh3 $142) 34... exf5 $16 35. Bxd5+ Kh7 36. Rd2 (36. Qh3 $16) 36... Rb6 {[#]} (36... Bxe5 $14 37. fxe5 Bc6) 37. Rxc5 (37. Nc4 $1 $16) 37... Bxe5 $11 {[#]} 38. Bg8+ $1 {[%mdl 512]} Kxg8 39. Rxd8 Bxb2 $2 {[%mdl 8192]} (39... Rb8 $11 40. Rxe8+ Rxe8 41. Rxe5 (41. fxe5 Re6 $17) 41... Rb8) 40. Rxe8+ $18 {White is clearly winning.} Kf7 41. Rec8 {Intending R5c7+ and mate.} (41. Rd8 Bxa3 42. Rc7+ (42. Rxf5+ Ke7 $16) 42... Be7 $16) 41... Bf6 42. R5c7+ Ke6 43. Rc1 {aiming for Qg6.} Kd5 {Precision: White = 65%, Black = 54%.} 1-0

[Event "World Team-ch 2017"]
[Site "Khanty-Mansyisk"]
[Date "2017.06.24"]
[Round "7"]
[White "Ameir, Moheb"]
[Black "Stupak, Kirill"]
[Result "0-1"]
[WhiteElo "2399"]
[BlackElo "2564"]
[Annotator "TA"]
[PlyCount "60"]
[EventDate "2017.??.??"]
[EventType "team-tourn"]
[EventCountry "RUS"]
[SourceTitle "playchess.com"]
[Source "ChessBase"]
[SourceQuality "1"]
[WhiteTeam "EGY"]
[BlackTeam "BLR"]
[WhiteTeamCountry "EGY"]
[BlackTeamCountry "BLR"]

{[%evp 15,60,41,42,39,46,40,95,85,91,57,69,70,104,58,68,53,104,45,36,42,39,35,28,33,69,70,73,-20,-14,-302,-270,-286,-283,-266,-287,-312,-214,-285,-186,-337,-187,-245,-228,-617,-554,-913,-913]} 1. e4 {[%cal Be2e4,Be4e5][%mdl 32]} e6 2. d4 d5 3. Nd2 Be7 4. e5 c5 5. c3 Nc6 6. Bd3 {C03: French Tarrasch: Unusual Black 3rd moves} Qb6 (6... h5 7. Ndf3 Bd7 8. Ne2 cxd4 9. cxd4 Nb4 10. Bb1 Bb5 11. O-O Rc8 12. Re1 g5 13. Nc3 Ba6 {1-0 (46) Blomqvist,E (2546)-Eljanov,P (2755) Malmo 2017}) 7. Ndf3 f6 8. Ne2 fxe5 {LiveBook: 3 Games} 9. dxe5 Bd7 10. O-O O-O-O {[#]} (10... Qc7 $14) 11. b4 $1 $16 Qc7 $146 ({Predecessor:} 11... cxb4 12. cxb4 Nxb4 13. Rb1 Qc7 {1-0 (61) Admiraal,M (2441)-Swayams,M (2491) chess.com INT 2017}) 12. Bf4 Rf8 13. bxc5 Bxc5 14. Bg3 Nge7 {[%cal Bg8e7,Be7c6,Bc6b4][%mdl 32]} 15. Ned4 a6 (15... Nxd4 $14 16. cxd4 Bb6) 16. Rc1 (16. Rb1 $16) 16... Kb8 $14 17. Qe2 h6 18. Nxc6+ Nxc6 19. c4 {[#] Black must now prevent cxd5.} Nb4 20. cxd5 Nxd5 21. Nd4 ({White should try} 21. Nd2 $16) 21... Qb6 $11 22. Nf5 $2 {[%mdl 8192]} (22. Be4 $11) 22... exf5 $19 23. e6+ f4 24. exd7 {With the idea Bh4.} fxg3 25. hxg3 Qd6 26. Kh1 Bd4 27. Rfd1 $2 (27. Be4 {is a better defense.}) 27... Qxd7 (27... Nc3 $142 28. Rxc3 Bxc3) 28. Bxa6 (28. Be4 $142 Nb6 29. Rb1) 28... Rxf2 29. Qh5 $2 (29. Qe4 Nf6 30. Rxd4 Nxe4 31. Rxd7 bxa6 32. Rb1+ Ka8 33. Rxg7) 29... Nf6 30. Qa5 {Threatens to win with Rxd4!} Rf5 {Precision: White = 34%, Black = 50%.} 0-1

[Event "World Team-ch 2017"]
[Site "Khanty-Mansyisk"]
[Date "2017.06.24"]
[Round "7"]
[White "Hesham, Abdelrahman"]
[Black "Kovalev, Vladislav"]
[Result "0-1"]
[WhiteElo "2372"]
[BlackElo "2641"]
[Annotator "TA"]
[PlyCount "110"]
[EventDate "2017.??.??"]
[EventType "team-tourn"]
[EventCountry "RUS"]
[SourceTitle "playchess.com"]
[Source "ChessBase"]
[SourceQuality "1"]
[WhiteTeam "EGY"]
[BlackTeam "BLR"]
[WhiteTeamCountry "EGY"]
[BlackTeamCountry "BLR"]

{[%evp 17,110,37,33,35,70,68,47,19,50,41,33,50,37,26,18,21,50,0,0,0,0,0,20,31,25,26,51,34,52,57,123,50,81,27,64,0,33,33,17,30,47,43,39,36,40,-34,-33,-40,-40,-40,-40,-40,-40,-29,-29,-40,-40,-119,-94,-97,-100,-254,-254,-269,-253,-170,-156,-266,-266,-265,-256,-239,-214,-383,-371,-358,-371,-641,-624,-637,-583,-927,-931,-1379,-1661,-1686,-1608,-1419,-1375,-29967,-29969,-29963,-29968,-29969,-12756]} 1. d4 Nf6 2. c4 g6 3. f3 Bg7 4. e4 O-O 5. Nc3 d6 6. Be3 c5 7. Nge2 {[%cal Bg1e2,Be2g3,Bg3f1][%mdl 32]} Nc6 8. d5 Ne5 9. Ng3 h5 {With the idea ...h4.} 10. Be2 {E81: King's Indian: Sämisch: 6th move deviations (including 6 Be3 c6)} h4 11. Nf1 $1 e6 12. f4 {White is slightly better.} Nxc4 13. Bxc4 {[#] Black must now prevent dxe6.} b5 $1 {[%cal Rb5c4]} 14. Bxb5 {Hoping for dxe6.} exd5 $1 15. e5 dxe5 16. fxe5 (16. Bxc5 $6 d4 $16) 16... Bg4 17. exf6 (17. Be2 {feels hotter.} Bxe2 18. Qxe2 Nd7 19. Nxd5 Nxe5 20. Rd1) 17... Bxd1 18. fxg7 Kxg7 19. Bxc5 {[#]} h3 $146 (19... Bh5 $5 20. Bd4+ $8 (20. Bxf8+ Qxf8 21. g4 Qe7+ 22. Ne2 Qb4+ 23. Kf2 Qxg4 $19) 20... Kh6 $16) 20. Rxd1 (20. Bxf8+ Qxf8 21. Rxd1 d4 $15) 20... hxg2 21. Rg1 gxf1=Q+ 22. Kxf1 Rb8 23. Rg2 a6 24. Ba4 (24. Rxd5 $16 Qh4 25. Bxf8+ Kxf8 26. Bd7) 24... Qh4 $1 $14 {[%cal Rh4c4]} 25. Bb3 ({Worse is} 25. Rxd5 Rfd8 $17) (25. Rd4 $16 Qh3 26. Bxf8+ Kxf8 27. Bb3) 25... Rfe8 26. Bxd5 ({Better is} 26. Bd4+ $14 Kf8 27. Bf2 (27. Nxd5 Rb5 $14) (27. Bxd5 Rbc8 $14)) 26... Rbd8 {And now ...Rxd5! would win.} 27. Bf2 Qh5 28. Kg1 f6 29. Bg3 Re3 {aiming for ...Rxc3!} 30. Rgd2 {Bf3! is the strong threat.} Qg5 31. Bg2 (31. Kf2 $14) 31... Rxg3 32. Rd7+ Rxd7 33. Rxd7+ Kh6 34. hxg3 Qxg3 35. Rd1 f5 36. Rf1 Qe3+ 37. Kh1 (37. Rf2 $1 $15) 37... Qd2 $17 38. Rf3 Qxb2 39. Rh3+ $2 {[#]} (39. Bh3 $17 {was the only chance.}) 39... Kg7 $1 $19 40. Rg3 Qc1+ 41. Kh2 Qf4 {[%mdl 1024] Black has strong compensation.} 42. Nd5 (42. Bf3 $17) 42... Qe5 43. Nb4 Qd6 44. Nd3 g5 {[%cal Bg6g5,Bg5g4][%mdl 32]} 45. Bf1 $2 (45. Nf2) 45... Kf6 46. Nf2 g4 47. Kg2 $2 (47. Bd3) 47... Qd5+ 48. Kg1 Qxa2 49. Rc3 a5 {[%cal Ba6a5,Ba5a4][%mdl 32]} 50. Nd1 a4 51. Ne3 Qd2 52. Rd3 Qc1 53. Nc4 Qxc4 {Black mates.} 54. Rd6+ Ke5 55. Bxc4 Kxd6 {Precision: White = 45%, Black = 84%.} 0-1